| 000 | 00908cab a2200265 4500 | ||
|---|---|---|---|
| 001 | ABS57349 | ||
| 008 | 090401t1997 xxu||||| |||| 00| 0 eng d | ||
| 035 | _a(Sirsi) u79595 | ||
| 041 | _aeng | ||
| 100 | _aHayton, K. | ||
| 245 | _aLeading or following? | ||
| 260 | _c1997 | ||
| 350 | _a0 | ||
| 490 |
_aTown & Country Planning _v66(6) June 1997, 180-181(2) |
||
| 520 | _aSets out the main changes made in the latest draft revision of NPPG8, suggesting that it does not appreciate the many pressures affecting the Scottish retail market, and is reacting to rather than trying to shape future trends. | ||
| 650 | _aNPPG8 | ||
| 650 | _aPLANNING POLICY | ||
| 650 | _aRETAIL DEVELOPMENT | ||
| 650 | _aPROPERTY-COMMERCIAL PROPERTY-RETAIL PROPERTY-RETAIL PROPERTY MARKET | ||
| 650 | _aRETAILING | ||
| 650 | _aSCOTLAND | ||
| 690 | _aPLANNING LAW AND PRACTICE | ||
| 942 | _n0 | ||
| 948 | _c14/07/1997 | ||
| 999 |
_c50054 _d50054 |
||